[Event "Belgrade Investbank"]
[Site "Belgrade"]
[Date "1991.??.??"]
[Round "?"]
[White "Kamsky, Gata"]
[Black "Jussupow, Artur"]
[Result "1/2-1/2"]
[WhiteElo "2595"]
[BlackElo "2625"]
[Annotator "Knaak,R"]
[PlyCount "93"]
[EventDate "1991.11.??"]
[EventType "tourn"]
[EventRounds "11"]
[EventCountry "YUG"]
[EventCategory "15"]
[SourceTitle "CBM 027"]
[Source "ChessBase"]
[SourceDate "1992.04.01"]
[SourceVersion "1"]
[SourceVersionDate "1992.04.01"]
[SourceQuality "1"]

1. e4 e6 2. d4 d5 3. Nc3 Bb4 4. e5 c5 5. a3 Bxc3+ 6. bxc3 Ne7 7. Qg4 O-O 8. Bd3
Nbc6 9. Qh5 Ng6 $1 10. Nf3 {/\ 11.Ng5 h6 12.Nxf7!} Qc7 $1 {Hertneck} (10...
Nce7 11. dxc5) 11. O-O (11. Ng5 $1 h6 12. Nxf7 Qxf7 13. Qxg6 Qxg6 (13... Qxf2+
$4 14. Kd1 $18) 14. Bxg6 cxd4 $10 {Vogt-Hertneck/Bad Lauterberg/1991/CBM 27})
11... c4 12. Be2 (12. Ng5 $6 h6 13. Nxf7 cxd3 14. Nxh6+ gxh6 15. Qxg6+ Qg7 $17)
12... f6 13. exf6 Rxf6 $15 14. Bd1 (14. g3 Bd7 15. Be3 $6 Raf8 16. Bg5 {
Polgar,J-Hertneck/Köln Fernsehpartie/1991} Be8 $1 $17) 14... Bd7 15. Re1 Raf8
16. Rb1 h6 17. Kh1 $6 Nce7 18. Kg1 b6 19. Bd2 Qd8 20. Rf1 Rf5 21. Qh3 e5 $5 22.
g4 $8 e4 $1 23. gxf5 Bxf5 24. Qg3 exf3 25. Bxf3 Bxc2 26. Rbc1 Bd3 27. Rfe1 Nf5
28. Qh3 Nfh4 29. Bh5 Kh7 30. Qg3 Qf6 31. Bg4 Bf5 32. Bxf5 Qxf5 $17 33. f4 $1 (
33. Re2 Nf3+ 34. Kh1 Qd3 $19) 33... Qh5 34. Rf1 Ne7 35. Rce1 Nef5 36. Qh3 Rf6
37. Kh1 Rg6 38. Rf2 Rg4 39. Bc1 Nd6 (39... Qg6 $1 $17 {/\ 40...Nd6 41.f5 Nhxf5!
}) 40. f5 $1 Ndxf5 (40... Ne4 $5 41. Rff1 $8 Rg2 42. Be3 $13) 41. Bf4 $1 Qg6
42. Qf1 b5 43. Qe2 a5 (43... Qh5 $5 44. Ref1 (44. Be5 $2 Re4 $1 45. Qd1 (45.
Qxh5 Rxe1+ 46. Rf1 Rxf1#) 45... Rxe1+ 46. Qxe1 Qg4 47. Qe2 Qh3 48. Qd2) (44.
Qe5 $2 Ng6 $1 45. Qc7 Nxf4 46. Rxf4 Ng3+ 47. Kg2 Ne2+ 48. Rxg4 Qxg4+ 49. Kf2
Nxc3 $19) (44. h3 $2 Rxf4 $1 45. Qxh5 Ng3+ 46. Kh2 Nxh5 $19) (44. Qd1 Ng6 45.
Rg2 Rh4 46. Qxh5 Rxh5 $15) 44... Ng6 45. Rg2 Rh4 46. Qxh5 Rxh5 $15) 44. Qe5 Rg2
45. Qe2 Rg4 (45... Rxf2 46. Qxf2 Qg4 47. Rg1 Qh3 48. Bg3 $13) 46. Qe5 Rg2 47.
Qe2 1/2-1/2

[Event "Belgrade Investbank"]
[Site "Belgrade"]
[Date "1991.??.??"]
[Round "?"]
[White "Kamsky, Gata"]
[Black "Ljubojevic, Ljubomir"]
[Result "1/2-1/2"]
[WhiteElo "2595"]
[BlackElo "2600"]
[Annotator "Schussler,H"]
[PlyCount "68"]
[EventDate "1991.11.??"]
[EventType "tourn"]
[EventRounds "11"]
[EventCountry "YUG"]
[EventCategory "15"]
[SourceTitle "CBM 027"]
[Source "ChessBase"]
[SourceDate "1992.04.01"]
[SourceVersion "1"]
[SourceVersionDate "1992.04.01"]
[SourceQuality "1"]

1. d4 Nf6 2. Nf3 e6 3. Bg5 c5 4. e3 b6 $6 5. c3 $6 (5. d5 $1 exd5 6. Nc3 Bb7 7.
Nxd5 Bxd5 8. Bxf6 Qxf6 9. Qxd5 $14) 5... Bb7 6. Nbd2 Be7 7. Bd3 h6 8. Bxf6 Bxf6
9. Qe2 Nc6 10. a3 d5 11. b4 O-O 12. b5 Na5 13. h4 Re8 14. Ne5 cxd4 15. cxd4
Bxe5 16. dxe5 f6 17. Nf3 Qc7 18. Qb2 Rec8 19. O-O Nc4 20. Bxc4 dxc4 21. exf6
Bxf3 22. gxf3 c3 23. Qb4 Qf7 24. fxg7 Qxf3 25. Kh2 Rc5 26. Rg1 c2 27. Rac1 Rac8
28. Rg2 R8c7 29. a4 Rd7 30. Qb3 Qe4 31. f3 Qxh4+ 32. Kg1 Qc4 33. Qxc4 Rxc4 34.
Rcxc2 Rxc2 1/2-1/2

[Event "Belgrade Investbank"]
[Site "Belgrade"]
[Date "1991.??.??"]
[Round "?"]
[White "Seirawan, Yasser"]
[Black "Kamsky, Gata"]
[Result "1/2-1/2"]
[WhiteElo "2615"]
[BlackElo "2595"]
[Annotator "Ribli,Z"]
[PlyCount "91"]
[EventDate "1991.11.??"]
[EventType "tourn"]
[EventRounds "11"]
[EventCountry "YUG"]
[EventCategory "15"]
[SourceTitle "CBM 027"]
[Source "ChessBase"]
[SourceDate "1992.04.01"]
[SourceVersion "1"]
[SourceVersionDate "1992.04.01"]
[SourceQuality "1"]

1. Nf3 Nf6 2. c4 c5 3. Nc3 d5 4. cxd5 Nxd5 5. e4 Nxc3 6. dxc3 Qxd1+ 7. Kxd1 Bg4
(7... Nc6 8. Kc2 (8. Bf4 $5) 8... e6 9. Be3 Bd7 {Vladimirov,E-Sion Castro,M
Leon 1991 CBM/25}) 8. Kc2 Nc6 9. Be3 e6 10. Bb5 f6 11. Nd2 Rc8 12. f3 Bh5 13.
Rhd1 a6 14. Bc4 (14. Bf1 $5 Na5 15. Nc4 Nxc4 16. Bxc4 $14) 14... Bf7 15. Bf1
Na5 16. Nc4 Nxc4 17. Bxc4 Rd8 18. a4 Be7 19. Bf2 O-O 20. Kb3 b5 21. axb5 axb5
22. Bxb5 Rxd1 23. Rxd1 Rb8 24. Kc4 (24. c4 Be8 $10) 24... e5+ 25. Rd5 Rc8 26.
Ba6 Rc7 27. Kb5 Bxd5 28. exd5 Kf8 29. c4 Ke8 30. Be1 Kd7 31. Ba5 f5 $1 32. Bxc7
Kxc7 33. Ka4 (33. b4 $2 e4 $1 34. fxe4 fxe4 35. bxc5 Bxc5 36. Kxc5 $2 (36. d6+
$1 Bxd6 37. c5 Bxh2 38. Kc4 $15) 36... e3 37. d6+ Kd8 $19) 33... e4 34. fxe4
fxe4 35. Kb3 Kd6 36. Kc3 Bf6+ 37. Kc2 Ke5 38. Bb5 Bd8 39. Kd2 Bg5+ 40. Ke2 Bc1
41. b3 Bg5 42. g3 Be7 43. Bd7 Kd4 44. Bf5 h6 45. Bg6 Bd6 46. Bh7 1/2-1/2

[Event "Paris Immopar rapid"]
[Site "Paris"]
[Date "1991.??.??"]
[Round "1"]
[White "Kamsky, Gata"]
[Black "Timman, Jan H"]
[Result "1/2-1/2"]
[WhiteElo "2595"]
[BlackElo "2630"]
[PlyCount "89"]
[EventDate "1991.11.??"]
[EventType "k.o. (rapid)"]
[EventRounds "4"]
[EventCountry "FRA"]
[SourceTitle "CBM 026 Extra"]
[Source "ChessBase"]
[SourceDate "1992.03.01"]
[SourceVersion "1"]
[SourceVersionDate "1992.03.01"]
[SourceQuality "1"]

1. c4 e5 2. Nc3 Nf6 3. g3 Bb4 4. Bg2 O-O 5. Nf3 Re8 6. O-O e4 7. Ng5 Bxc3 8.
dxc3 h6 9. Nh3 d6 10. Nf4 Bf5 11. h3 Nbd7 12. b3 Nf8 13. Nd5 Nxd5 14. Qxd5 Qc8
15. g4 Bg6 16. Bf4 Nd7 17. Rad1 Nf6 18. Qd4 b6 19. Bg3 a5 20. Rd2 e3 21. Bxa8
Qxa8 22. Rdd1 Re4 23. Qd3 exf2+ 24. Rxf2 Rxg4 25. Qf3 Be4 26. Qe3 Rg6 27. Kh2
Bc6 28. Rg1 Ne4 29. Rf4 Re6 30. Bf2 Qe8 31. Qd4 g5 32. h4 f6 33. Qd3 Nxf2 34.
Rxf2 Re4 35. Rg3 Rxh4+ 36. Rh3 Qe5+ 37. Kg1 Rxh3 38. Qxh3 Kg7 39. Rh2 h5 40.
Qxh5 Qg3+ 41. Kf1 Qf4+ 42. Ke1 Qc1+ 43. Kf2 Qf4+ 44. Ke1 Qc1+ 45. Kf2 1/2-1/2

[Event "Paris Immopar rapid"]
[Site "Paris"]
[Date "1991.??.??"]
[Round "1"]
[White "Timman, Jan H"]
[Black "Kamsky, Gata"]
[Result "1-0"]
[WhiteElo "2630"]
[BlackElo "2595"]
[PlyCount "143"]
[EventDate "1991.11.??"]
[EventType "k.o. (rapid)"]
[EventRounds "4"]
[EventCountry "FRA"]
[SourceTitle "CBM 026 Extra"]
[Source "ChessBase"]
[SourceDate "1992.03.01"]
[SourceVersion "1"]
[SourceVersionDate "1992.03.01"]
[SourceQuality "1"]

1. Nf3 Nf6 2. c4 c5 3. Nc3 d5 4. cxd5 Nxd5 5. e4 Nxc3 6. dxc3 Qxd1+ 7. Kxd1 f6
8. Be3 e5 9. Nd2 Be6 10. Bc4 Bxc4 11. Nxc4 Nc6 12. a4 Kf7 13. Ke2 Be7 14. Rhd1
Rhd8 15. Rd5 Ke6 16. Rad1 b6 17. f4 exf4 18. Bxf4 Rac8 19. Na3 Ne5 20. Bxe5
fxe5 21. Nc4 Bf6 22. Nd6 Rb8 23. Kf3 h5 24. Nb5 Rxd5 25. Rxd5 Rb7 26. c4 Be7
27. Ke2 a6 28. Nc3 Rb8 29. Rd3 a5 30. Nd5 Bd8 31. Rh3 g6 32. Rg3 Kf7 33. Rf3+
Kg7 34. g3 Rb7 35. Rd3 Kf7 36. Rf3+ Kg7 37. h3 Rd7 38. h4 Rd6 39. Kf2 Rd7 40.
Kg2 Rf7 41. Rb3 Rb7 42. Kh3 Rd7 43. g4 hxg4+ 44. Kxg4 Rd6 45. Rh3 Re6 46. h5
Rd6 47. b3 Bf6 48. Rh1 Re6 49. Rf1 Be7 50. Rf3 Kh6 51. Rh3 Kg7 52. hxg6 Kxg6
53. Rh8 Bd6 54. Rd8 Kf7 55. Rd7+ Kg6 56. Rb7 Bf8 57. Nxb6 Rf6 58. Nd5 Rf1 59.
Rb6+ Kf7 60. Rb5 Rb1 61. Kf5 Rf1+ 62. Kxe5 Bg7+ 63. Kd6 Bd4 64. e5 Re1 65. Rb7+
Kg6 66. e6 Be5+ 67. Kd7 Bf6 68. Nxf6 Kxf6 69. Rb6 Kg7 70. Rd6 Kf8 71. Rd5 Re3
72. Rxc5 1-0

[Event "Dortmund"]
[Site "Dortmund"]
[Date "1992.??.??"]
[Round "1"]
[White "Kamsky, Gata"]
[Black "Piket, Jeroen"]
[Result "1/2-1/2"]
[WhiteElo "2655"]
[BlackElo "2615"]
[Annotator "Stohl,I"]
[PlyCount "113"]
[EventDate "1992.04.16"]
[EventType "tourn"]
[EventRounds "9"]
[EventCountry "GER"]
[EventCategory "17"]
[SourceTitle "CBM 029"]
[Source "ChessBase"]
[SourceDate "1992.08.01"]
[SourceVersion "1"]
[SourceVersionDate "1992.08.01"]
[SourceQuality "1"]

1. e4 d6 2. d4 Nf6 3. Nc3 g6 4. Nf3 Bg7 5. Be2 O-O 6. O-O c6 7. Re1 Nbd7 (7...
Qc7 8. a4 e5 9. a5 Na6 (9... Nbd7 10. a6 $5 b6 11. d5 $36) 10. Bf1 Re8 11. b3
Bg4 12. dxe5 dxe5 13. Bxa6 bxa6 14. Qe2 Bf8 15. h3 Bc8 (15... Bb4 $5 $132) 16.
Ba3 Bxa3 17. Rxa3 Nh5 18. Qe3 $14 {׫,Abramovic,B-Strikovic,A,JUG-ch 1991}) 8.
Bf4 (8. e5 Ne8 9. Bg5 f6 10. exd6 exd6 11. Bf4 d5 12. Bd3 Nb6 13. h3 Nd6 14.
Ne2 Be6 15. c3 Qd7 16. Nc1 Nbc8 17. Nb3 b6 18. Nbd2 Bf5 $10 {Wiech,G-Adamski,A,
Warszawa LEG op 1992}) 8... Qa5 9. Qd2 (9. Nd2 $5 Qc7 10. a4 e5 11. dxe5 dxe5
12. Bg3 Nc5 13. b4 Ne6 14. Nc4 Nf4 15. Qd6 Ne8 16. Qxc7 Nxc7 17. Bf1 Nce6 18.
Nd1 Rd8 19. Nde3 Bf8 20. c3 f6 21. Red1 $14 {<->d_|_,Wedberg,T-Schmaltz,R,Bad
Woerishofen op 1991-TD91_04}) 9... e5 10. Bh6 (10. dxe5 dxe5 $10) 10... exd4
11. Nxd4 (11. Bxg7 $2 dxc3 12. Qh6 Ng4 $19) 11... Nxe4 $1 12. Nxe4 Qxd2 13.
Bxd2 d5 $1 (13... Bxd4 14. Nxd6 Bxb2 15. Rab1 Ba3 16. Nxc8 $14) 14. Bb4 (14.
Nxc6 bxc6 15. Nc3 Nc5 $36) 14... Rd8 15. Nxc6 {N} (15. Nb5 dxe4 $8 16. Nc7 Rb8
17. Be7 Rf8 {פc7} 18. Rad1 Be5 19. Bxf8 Kxf8 20. Bg4 f5 21. Ne6+ Ke7 22. Ng5
Nf6 $1 23. Be2 Bxb2 $17 {Sokolov,A-Van der Wiel,J,Biel izt 1985} 24. c4) 15...
bxc6 16. Nc3 a5 $10 17. Ba3 Nb6 18. Be7 (18. Bd3 Be6 $10) 18... Re8 19. Bc5 Nd7
(19... Rb8 20. Bd6 $10 {/\} Rb7 $2 21. Ba6 $18) 20. Ba3 {/\Na4,Rad1,b3} Ne5 21.
Na4 Bf5 22. c3 $8 (22. Rac1 $2 Bh6) 22... h5 23. h3 (23. Nc5 $142 $10) 23...
Bh6 24. Bf1 (24. Nc5 $5 Bc2 25. Bd1 $132) 24... Nd7 $36 25. Bd6 (25. Nc5 Nxc5
26. Bxc5 Reb8 27. Ba3 a4 $15) 25... Bc2 $1 26. b3 (26. Nc5 Nxc5 27. Bxc5 Bd2
28. Rxe8+ Rxe8 $17) 26... Bd2 27. Rxe8+ Rxe8 28. Bc7 Nf6 $1 29. f3 (29. Bxa5 $6
d4 {/\Nd5,Ne4}) 29... h4 30. Bb6 Nh5 $17 31. Bf2 (31. Bxa5 d4 32. Bb6 d3 $19)
31... g5 32. Nc5 Nf4 {/\Bc3} 33. a3 (33. Bd4 $5 Ne6 (33... Ne2+ 34. Bxe2 Rxe2
35. Kf1 Re8 36. a3 $132) 34. Nxe6 fxe6 35. Be5 c5 $36) 33... Bxc3 34. Rc1 Ne2+
$8 35. Bxe2 Rxe2 36. Kf1 Bb2 $8 (36... Rd2 $2 37. Be1 $18) 37. Kxe2 Bxc1 38. b4
a4 $2 (38... axb4 39. axb4 Bb2 $17 {_|_^^}) 39. Be3 $1 $8 Bxa3 (39... Bxe3 40.
Kxe3 $16 {/\Kd2}) 40. Kd2 Bf5 41. Kc3 d4+ $8 (41... f6 $2 42. Nxa4 {/\Kb3+-})
42. Bxd4 Bc1 43. Nxa4 Bc8 44. Nc5 Bf4 45. Kd3 Kh7 (45... Bc7 $6 46. Bf6 $16)
46. Be3 $10 Bxe3 47. Kxe3 Kg6 48. Nb3 Be6 49. Na5 Bd5 50. Kd4 $1 (50. Nb7 Kf5
$15 {><g2}) 50... g4 $1 $132 51. b5 $8 (51. hxg4 Bxf3 $19) 51... Bxf3 (51...
gxh3 52. gxh3 {-51...Bf3}) 52. bxc6 gxh3 53. gxf3 (53. gxh3 Bg2 54. c7 Bxh3 55.
Nc6 Be6 56. Ke3 $10) 53... h2 54. c7 h1=Q 55. c8=Q Qa1+ $10 56. Ke3 Qe5+ (56...
Qxa5 57. Qg8+ Kf6 58. Qh8+ $10) 57. Kf2 (57. Kf2 Qxa5 58. Qg8+ $10 {[Stohl]})
1/2-1/2

[Event "Dortmund"]
[Site "Dortmund"]
[Date "1992.??.??"]
[Round "2"]
[White "Ivanchuk, Vassily"]
[Black "Kamsky, Gata"]
[Result "1-0"]
[WhiteElo "2720"]
[BlackElo "2655"]
[Annotator "Ernst,T"]
[PlyCount "175"]
[EventDate "1992.04.16"]
[EventType "tourn"]
[EventRounds "9"]
[EventCountry "GER"]
[EventCategory "17"]
[SourceTitle "CBM 029"]
[Source "ChessBase"]
[SourceDate "1992.08.01"]
[SourceVersion "1"]
[SourceVersionDate "1992.08.01"]
[SourceQuality "1"]

1. e4 c5 2. Nf3 Nc6 3. d4 cxd4 4. Nxd4 Qc7 5. c4 (5. Nb5 Qb8 6. c4 b6 $1 7. Be3
$5 Nf6 8. Nd2 g6 $1 9. Be2 Bg7 10. O-O O-O $14 {Judasin - J.Polgar, München
1991.}) 5... e6 6. Nc3 Nf6 7. Be3 b6 8. Rc1 Bb7 9. f3 Be7 10. Qd2 O-O 11. Be2
Rac8 12. O-O Qb8 13. Rfd1 Bd6 14. g3 Bc5 15. a3 Rfd8 16. b4 Be7 17. Nxc6 Bxc6
18. Bf4 d6 19. g4 $1 $14 Qa8 20. Qe1 Bb7 21. Nb5 Ne8 22. Qg3 d5 23. cxd5 Rxc1
24. Rxc1 exd5 25. e5 Ba6 26. Qf2 d4 27. Rd1 Bxb5 28. Bxb5 Nc7 29. Bf1 a5 30.
Bd2 axb4 31. axb4 Qa4 32. Rc1 Ne6 33. f4 Bxb4 34. f5 Bxd2 35. Qxd2 Nc5 36. Bc4
d3 37. e6 Ne4 38. e7 Re8 39. Qxd3 Rxe7 40. Bb5 Qa8 41. Bc6 Qc8 42. Qe3 $1 {
Gewinnt eine Figur, aber der Kampf ist noch nicht beendet.} h5 43. Bxe4 Qe8 44.
Re1 hxg4 45. Qf4 $14 Qd7 46. Qxg4 Qd4+ 47. Kg2 Re8 48. h4 b5 49. h5 Kf8 50. Qf4
Qf6 51. Rb1 Re5 52. Kf3 Kg8 53. h6 $1 gxh6 54. Rh1 Kg7 55. Rc1 Qd6 56. Rg1+ Kf8
57. Rh1 h5 58. Qe3 b4 59. Rb1 Ra5 60. Rb3 Ra3 (60... Qd1+ 61. Kg3 Qg4+ 62. Kf2
Ra2+ 63. Ke1 Ra1+ 64. Rb1 Rxb1+ 65. Bxb1 $16) 61. Rd3 Rxd3 62. Qxd3 Qf6 63. Qd2
Qb6 64. Qe3 Qd6 65. Qf4 Qd1+ 66. Kg3 Qe1+ 67. Kh3 Qc3+ 68. Kh4 Ke7 69. Qg5+ Kd7
70. Qg3 Qb2 71. Kxh5 b3 72. Qd3+ Ke7 73. Kg4 Qe5 74. Bd5 Qg7+ 75. Kf3 b2 76.
Qa3+ Kd7 77. Qa4+ Kc7 78. Qc6+ Kd8 79. Qb6+ Kd7 80. Bc6+ Kd6 81. Ba4+ Ke7 82.
Qc7+ Kf6 83. Qd6+ Kxf5 84. Bd7+ Kg5 85. Qf4+ Kg6 86. Bf5+ Kh5 (86... Kf6 87.
Qd4+ Kxf5 88. Qxg7 b1=Q 89. Qh7+ $18) 87. Bg4+ Kh4 88. Be6+ 1-0

[Event "Dortmund"]
[Site "Dortmund"]
[Date "1992.??.??"]
[Round "3"]
[White "Kamsky, Gata"]
[Black "Kasparov, Garry"]
[Result "1-0"]
[WhiteElo "2655"]
[BlackElo "2780"]
[Annotator "Ftacnik,L"]
[PlyCount "75"]
[EventDate "1992.04.16"]
[EventType "tourn"]
[EventRounds "9"]
[EventCountry "GER"]
[EventCategory "17"]
[SourceTitle "CBM 029"]
[Source "ChessBase"]
[SourceDate "1992.08.01"]
[SourceVersion "1"]
[SourceVersionDate "1992.08.01"]
[SourceQuality "1"]

1. d4 {Anand} Nf6 2. c4 g6 3. Nc3 Bg7 4. e4 d6 5. Nf3 O-O 6. Be2 e5 7. O-O Nc6
8. d5 Ne7 9. Nd2 a5 10. a3 Nd7 11. Rb1 f5 12. b4 Kh8 13. f3 Ng8 14. Qc2 Ngf6
15. Nb5 axb4 16. axb4 Nh5 17. g3 Ndf6 18. c5 Bd7 19. Rb3 Bh6 (19... Nxg3 {
Anand Karpov-Kasparov Tilburg1991}) (19... fxe4 {Anand} 20. fxe4 Bh3) 20. Rc3
Bf4 $5 {N} (20... fxe4 21. fxe4 Bh3 22. Re1 Qd7 23. Nf3 Bxc1 24. Rxc1 Nf4 25.
Ng5 $1 $16 {Epishin-Polgar,J/Wien/1991/}) 21. cxd6 (21. gxf4 $6 Nxf4 22. Nb3 (
22. Bc4 N6h5 23. Nb3 fxe4 24. Bxf4 (24. fxe4 Nh3+ 25. Kh1 Qh4 26. Nxc7 Rxf1+
27. Bxf1 Rf8 28. Qe2 Rf2 29. Qd3 Rxh2+ 30. Kxh2 Qf2+ 31. Bg2 Qg1#) 24... Rxf4
25. fxe4 Qg5+ 26. Kh1 Rxf1+ 27. Bxf1 Rf8 28. Bc4 Qh4 $40) 22... N6xd5 $1 23.
exd5 Qg5+ 24. Kf2 Qg2+ 25. Ke1 Qxe2+ 26. Qxe2 Nxe2 27. Nxc7 (27. Kxe2 Bxb5+ 28.
Ke1 Bxf1 29. Kxf1 Ra2 $17) 27... Nxc3 28. Nxa8 Rxa8 29. cxd6 Nxd5 30. Bb2 Nxb4
31. Bxe5+ Kg8 32. Nc5 Bb5 $15) 21... Nxg3 (21... cxd6 22. Nc7 (22. gxf4 {Anand}
Nxf4 23. Bc4 Bxb5 24. Bxb5 Qb6+ $19) (22. Nxd6 Bxd2 (22... Qb6+ 23. Kh1 Qxd6 (
23... Bxd2 24. Nc4) 24. Nc4) 23. Bxd2 Qb6+ 24. Be3 Qxd6 25. Bc5 Qb8 $17) 22...
Rc8 (22... Bxg3 $1 23. hxg3 (23. Nxa8 Bxh2+ $1 24. Kxh2 Nxd5 25. exd5 Qh4+ 26.
Kg1 Qg3+ 27. Kh1 Nf4 $19) 23... Nxg3 24. Re1 Nfh5 $40) 23. Ne6 Qb6+ 24. Kg2
Qxb4 25. Nc4 Bxe6 26. Ba3 Qb5 27. dxe6 Bh6 28. Bxd6 $16) (21... Bxb5 22. dxc7
Qd7 23. Bxb5 Qxb5 24. c8=Q Be3+ 25. Kh1 $1 Raxc8 26. Rxc8 Rxc8 27. Qxc8+ Kg7
28. Qc7+ Kh6 29. Nc4 Bxc1 30. Rxc1 $18) (21... Bxg3 $5 22. dxc7 Qe7 (22...
Bxh2+ 23. Kxh2 Ng4+ 24. fxg4 Qh4+ 25. Rh3 $18) 23. d6 $1 Qg7 24. hxg3 Nxg3 25.
Nb3 fxe4 26. fxe4 Nfxe4 27. Rxf8+ Rxf8 28. c8=Q $16) 22. hxg3 Nh5 (22... Bxg3
23. Nxc7 $16) 23. gxf4 Nxf4 (23... Qh4 24. Rf2 Nxf4 25. Bf1 Bxb5 26. dxc7 $3
Qg3+ 27. Rg2 Nxg2 28. Bxg2 Qe1+ 29. Nf1 $16) 24. Bc4 $1 (24. Rf2 Nh3+ (24...
Qg5+ 25. Kh1 $1 (25. Kf1 Qh4 26. Ke1 Ng2+ 27. Kd1 Qxf2 $40) 25... Qh4+ 26. Rh2
Qe1+ 27. Nf1 Nxe2 (27... fxe4 28. Bxf4 $1) 28. Qxe2 Qxe2 29. Rxe2 Bxb5 30. Re1
cxd6 $44) 25. Kf1 (25. Kg2 $2 Qg5+ $1 26. Kxh3 Qg1 $1 27. Rg2 f4+ $19) 25...
Nxf2 26. Kxf2 Qh4+ 27. Kf1 (27. Kg2 f4 28. Nf1 Rf5 $1 29. exf5 gxf5 $19) (27.
Ke3 $6 f4+ 28. Kd3 Bxb5+ 29. Nc4 Qf2 $19) 27... Qh1+ (27... fxe4 28. Nxe4 Bh3+
29. Kg1 Qe1+ 30. Kh2 $18) (27... f4 28. Bc4 $1) 28. Kf2 Qh4+ $10) 24... Nh3+ (
24... Qh4 25. Nb3 Nh3+ 26. Kg2 $16 (26. Kh1 $1 {Anand}) (26. Kg2 fxe4)) (24...
Qg5+ 25. Kf2 Qh4+ 26. Ke3 Qg5 27. Nb3 $1 fxe4 28. Qxe4 $18) 25. Kh1 (25. Kg2
Qg5+ 26. Kxh3 f4+ 27. Kh2 Qg3+ 28. Kh1 Qh3+ 29. Kg1 Qg3+ $10) 25... Qh4 26. Nb3
fxe4 (26... Nf2+ {Anand} 27. Kg2 f4 28. Qxf2 Qh3+ 29. Kg1 $18) 27. Qh2 (27.
fxe4 $4 Nf2+ 28. Kg2 Bh3+ 29. Kg1 Qg4+ $19) 27... Rf5 28. f4 $1 (28. fxe4 Rh5 (
28... Qxe4+ 29. Qg2 Rxf1+ 30. Bxf1 $18) 29. Qg3 Qxe4+ 30. Rff3 Ra2 $40 31. dxc7
Rf2 (31... Nf4+ 32. Kg1 Qe1+ 33. Rf1 $1) 32. Rce3 Qxc4 $19) 28... Rh5 $8 29.
Qg3 Qxg3 (29... Nxf4+ 30. Qxh4 Rxh4+ 31. Kg1 Ra2 32. Nd2 Rg4+ 33. Kf2 Rg2+ 34.
Ke1 $18) (29... Qf6 30. fxe5 Qg7 31. dxc7 $18) (29... Qd8 30. dxc7 Nxf4+ 31.
Kg1 Qf6 32. Bxf4 exf4 33. Rxf4 Bf5 34. Be2 Rg5 35. Bg4 $18) 30. Rxg3 exf4 31.
Bb2+ Kg8 32. dxc7 $1 Bxb5 (32... fxg3 33. d6+ Be6 34. Bxe6#) 33. Bxb5 fxg3 34.
Kg2 $1 Ng5 (34... e3 35. Bd7 $18) 35. d6 Rh2+ 36. Kxg3 Rxb2 37. Bc4+ Kg7 38. d7
{Ftacnik,L} 1-0

[Event "Dortmund"]
[Site "Dortmund"]
[Date "1992.??.??"]
[Round "4"]
[White "Bareev, Evgeny"]
[Black "Kamsky, Gata"]
[Result "1-0"]
[WhiteElo "2635"]
[BlackElo "2655"]
[Annotator "Hertneck,G"]
[PlyCount "115"]
[EventDate "1992.04.16"]
[EventType "tourn"]
[EventRounds "9"]
[EventCountry "GER"]
[EventCategory "17"]
[SourceTitle "CBM 029"]
[Source "ChessBase"]
[SourceDate "1992.08.01"]
[SourceVersion "1"]
[SourceVersionDate "1992.08.01"]
[SourceQuality "1"]

1. d4 d5 2. c4 c6 3. Nf3 Nf6 4. Qc2 g6 5. Bf4 dxc4 6. Qxc4 Bg7 7. Nbd2 $5 {TN}
(7. Nc3) 7... Bf5 8. e3 O-O 9. Be2 Nbd7 10. h3 c5 (10... Ne4 11. Nxe4 Bxe4 12.
O-O Bxf3 13. Bxf3 e5 $10) 11. O-O (11. dxc5 $5 Nh5 12. Nd4 Nxf4 13. exf4 Rc8
$13) 11... Rc8 12. Qa4 a6 13. Rac1 Qb6 $4 (13... Ne4) 14. e4 $1 $18 Nxe4 15.
Nxe4 Bxe4 16. Qxd7 Qxb2 17. Bd1 Bf5 18. Qxe7 Rfe8 19. Qh4 c4 20. Bh6 f6 21. Bd2
Bd3 22. Qf4 Bxf1 23. Bc3 Qa3 24. Kxf1 b5 25. Qd2 Qd6 26. Bb4 Qd5 27. Ne1 Rcd8
28. Nc2 Qe4 29. Bf3 Qd3+ 30. Be2 Qf5 31. Rd1 h5 32. Bf3 Kh7 33. d5 Qe5 34. Kg1
Bh6 35. Qd4 Bf8 36. Bxf8 Rxf8 37. Qa7+ Kh6 38. Nd4 Ra8 39. Qb7 Rfb8 40. Qf7 Rf8
41. Qe6 Rfe8 42. Qb6 Rac8 43. Nc6 Qd6 44. Qxa6 c3 45. Qa5 b4 46. Qa4 Qc5 47.
Qb3 Kg7 48. g3 Ra8 49. Nxb4 h4 50. g4 Reb8 51. a3 Rxa3 52. Qxa3 Rxb4 53. Bg2 c2
54. Rc1 Qd4 55. Rxc2 Qd1+ 56. Kh2 Rb1 57. Rc7+ Kh6 58. g5+ 1-0

[Event "Dortmund"]
[Site "Dortmund"]
[Date "1992.??.??"]
[Round "6"]
[White "Salov, Valery"]
[Black "Kamsky, Gata"]
[Result "1/2-1/2"]
[WhiteElo "2655"]
[BlackElo "2655"]
[PlyCount "125"]
[EventDate "1992.04.16"]
[EventType "tourn"]
[EventRounds "9"]
[EventCountry "GER"]
[EventCategory "17"]
[SourceTitle "CBM 029"]
[Source "ChessBase"]
[SourceDate "1992.08.01"]
[SourceVersion "1"]
[SourceVersionDate "1992.08.01"]
[SourceQuality "1"]

1. d4 d5 2. c4 dxc4 3. e3 Nf6 4. Bxc4 e6 5. Nf3 c5 6. O-O a6 7. Bd3 Nbd7 8. Qe2
Qc7 9. Nbd2 b6 10. Re1 Bb7 11. Nf1 Be7 12. Bd2 Ne4 13. Rac1 Qb8 14. Bc3 O-O 15.
Bxe4 Bxe4 16. Ng3 Bb7 17. e4 cxd4 18. Bxd4 Rc8 19. Bc3 Rc7 20. Qe3 Bf8 21. Nh5
Rc5 22. Red1 Qe8 23. Ng3 Rac8 24. Rd2 b5 25. Rcd1 Nb6 26. Qe2 R5c7 27. Bd4 Nc4
28. Rd3 b4 29. Ne5 f6 30. Nxc4 Rxc4 31. h3 Qg6 32. Qg4 Qxg4 33. hxg4 e5 34. Be3
Bxe4 35. Nxe4 Rxe4 36. Rd8 Rec4 37. b3 Rc2 38. Rxc8 Rxc8 39. Rd5 Kf7 40. Rd7+
Ke6 41. Ra7 Rc6 42. g3 Be7 43. Kg2 g6 44. Kh3 f5 45. g5 Bd6 46. Rxh7 f4 47.
gxf4 exf4 48. Bd4 Kf5 49. f3 Kxg5 50. Rf7 Bc5 51. Bg7 Re6 52. Rc7 Be7 53. Rd7
Bd6 54. Bd4 Be5 55. Rd5 Kf5 56. Ra5 g5 57. Bb2 g4+ 58. fxg4+ Ke4 59. Rxe5+ Rxe5
60. Bxe5 Kxe5 61. g5 Kf5 62. g6 Kxg6 63. Kg4 1/2-1/2